000 00890nam a2200253Ia 4500
003 OSt
005 20220927103616.0
006 a|||||r|||| 00| 0
007 ta
008 220926b |||||||| |||| 00| 0 eng d
024 _a70678
037 _cReference Collections
040 _aRTL
_cRTL
_beng
041 _2eng
_aeng
082 _a"X755:(Z,3), H9.48-4/UN"
110 _aInternational Bank for reconstruction and development and centrais eletricas de minas gerais
_9360446
245 0 _aLoan assumption agreement 1949
_b power distribution programme.
260 _aNew
_bYork I B R D U S A
_c1973
300 _a6p.
_ccm.
650 _aForeign Loan
_9360447
700 _aInternational Bank for reconstruction and development and centrais eletricas de minas gerais
_9360448
942 _h"X755:(Z,3), H9.48-4/UN"
_cCC
999 _c684272
_d684272